Santa Bárbara: su tierra y su gente.

Spremljeno u:
Bibliografski detalji
Glavni autor: Retamal Ávila, Julio (autor)
Daljnji autori: Parentini Gayani, Luis Carlos (autor)
Format: Knjiga
Jezik:španjolski
Izdano: [Santiago, Chile]: Sr. Marcelo Rojas Vásquez; Versión Producciones Graficas, 2013.
Izdanje:Primera edición.
Teme:
Oznake: Dodaj oznaku
Bez oznaka, Budi prvi tko označuje ovaj zapis!

MARC

LEADER 00000cam a2200000 a 4500
001 UCC8700
003 CL-VaPUC
005 20241021083037.0
008 190809t20130000cl |||||||||||||||||spa|d
999 |c 374952  |d 374950 
020 |a 978-956-351-589-3 
040 |c Pontificia Universidad Católica de Valparaíso 
082 0 4 |a 983.41 RET 2013  |2 21 
100 |a Retamal Ávila, Julio  |9 343190  |e autor 
245 1 0 |a Santa Bárbara:   |b su tierra y su gente. 
250 |a Primera edición. 
260 |a [Santiago, Chile]:  |b Sr. Marcelo Rojas Vásquez;  |b Versión Producciones Graficas,  |c 2013. 
300 |a 241 páginas: ilustraciones. 
500 |a c.1: Donación Profesor Sr. Eduardo Cavieres. 05-08-2019. 
583 |a last modification  |c 20190809 11:18:00  |k Rodrigo Vera 
651 0 |a Región del Bio-Bío  |z Chile  |9 268499  |x Historia de ciudades  
700 |a Parentini Gayani, Luis Carlos  |e autor  |9 603406 
942 |c BK  |2 ddc 
945 |d 20190809 11:18:00  |a dcastane 
952 |0 0  |1 0  |2 ddc  |3 erb  |4 0  |6 983_410000000000000_RET_2013  |7 0  |8 X  |9 493737  |a FDOBUD  |b FDOBUD  |i 559524K  |o 983.41 RET 2013  |p 559524K  |r 2019-11-24  |t 1  |w 2019-11-24  |y BK_X  |z Catalogado en:20190809  |k BUD